000 00345nam a2200121Ia 4500
008 231129s9999||||xx |||||||||||||| ||spa||
020 _a958-02-0682-1
040 _bspa
082 _aR 796.03 E56r
245 0 _aEnciclopedia ilustrada del deporte : Reglas de juego
264 _aVoluntad
942 _2ddc
_cBKS
999 _c12992
_d12992